header

A new theory for American poetry (Record no. 157486)

MARC details
000 -LEADER
fixed length control field 01558nam a2200385 a 4500
082 04 - DEWEY DECIMAL CLASSIFICATION NUMBER
Classification number 811.009
100 1# - MAIN ENTRY--AUTHOR NAME
Personal name Fletcher, Angus,
245 12 - TITLE STATEMENT
Title A new theory for American poetry
260 ## - PUBLICATION, DISTRIBUTION, ETC. (IMPRINT)
Place of publication Cambridge, Mass. :
Name of publisher Harvard University Press,
Year of publication 2004.
300 ## - PHYSICAL DESCRIPTION
Number of Pages ix, 316 p.
650 #0 - SUBJECT ADDED ENTRY--TOPICAL TERM
Topical Term American poetry
Topical Term Environmental protection in literature.
Topical Term Democracy in literature.
Topical Term Ecology in literature.
Topical Term Nature in literature.
Topical Term Imagination.
856 40 - ELECTRONIC LOCATION AND ACCESS
Uniform Resource Identifier http://site.ebrary.com/lib/rucke/Doc?id=10328830

No items available.

© 2026 Rongo University
Contact us: librarian | system librarian | Rongo university